Grant's campaign in Virginia, May 1-June 30, 1864 including the operations in the Shenandoah Valley and on the River James, (Record no. 553230)
[ view plain ]
| 000 -LEADER | |
|---|---|
| fixed length control field | 00527cam a22001331 4500 |
| 082 ## - DEWEY DECIMAL CLASSIFICATION NUMBER | |
| Classification number | 975.5 |
| Author Mark | AND |
| 100 1# - MAIN ENTRY--PERSONAL NAME | |
| Personal name | Anderson, John H. [from old catalog] |
| 9 (RLIN) | 50488 |
| 245 10 - TITLE STATEMENT | |
| Title | Grant's campaign in Virginia, May 1-June 30, 1864 including the operations in the Shenandoah Valley and on the River James, |
| Statement of responsibility, etc. | by J. H. Anderson ... |
| 260 ## - PUBLICATION, DISTRIBUTION, ETC. | |
| Place of publication, distribution, etc. | London, |
| Name of publisher, distributor, etc. | H. Rees. ltd., |
| Date of publication, distribution, etc. | C1908. |
| 300 ## - PHYSICAL DESCRIPTION | |
| Extent | 104 p. : |
| Other physical details | fold. map (in pocket) 8 fold. plans. ; |
| Dimensions | 22 cm. |
| 526 ## - STUDY PROGRAM INFORMATION NOTE | |
| Program name | 0 |
| Interest level | 0 |
| Reading level | 0 |
| Title point value | 975_500000000000000_AND |
| 650 ## - SUBJECT ADDED ENTRY--TOPICAL TERM | |
| Topical term or geographic name entry element | MCE |
| 9 (RLIN) | 379 |
| 942 ## - ADDED ENTRY ELEMENTS (KOHA) | |
| Source of classification or shelving scheme | |
| Koha item type | Book |
| Withdrawn status | Lost status | Source of classification or shelving scheme | Damaged status | Not for loan | Permanent Location | Current Location | Shelving location | Date acquired | Total Checkouts | Full call number | Barcode | Date last seen | Price effective from | Koha item type |
|---|---|---|---|---|---|---|---|---|---|---|---|---|---|---|
| Military College of Engineering (MCE) | Military College of Engineering (MCE) | 02/02/2015 | 975.5 AND | MCE-ECG/31 | 02/02/2015 | 02/02/2015 | Book |
